MARC details
| 000 -CABECERA |
| campo de control de longitud fija |
02408nam a2200265Ia 4500 |
| 001 - NÚMERO DE CONTROL |
| campo de control |
526 |
| 008 - DATOS DE LONGITUD FIJA--INFORMACIÓN GENERAL |
| campo de control de longitud fija |
230305s2008 xx 000 0 und d |
| 020 ## - NÚMERO INTERNACIONAL ESTÁNDAR DEL LIBRO |
| Número Internacional Estándar del Libro |
9782251443485 |
| 040 ## - FUENTE DE LA CATALOGACIÓN |
| Centro/agencia transcriptor |
tbs |
| 041 ## - CÓDIGO DE LENGUA |
| Código de lengua del texto/banda sonora o título independiente |
eng |
| 041 ## - CÓDIGO DE LENGUA |
| Código de lengua del texto/banda sonora o título independiente |
fre |
| 043 ## - CÓDIGO DE ÁREA GEOGRÁFICA |
| Código de área geográfica |
en_UK |
| 050 ## - SIGNATURA TOPOGRÁFICA DE LA BIBLIOTECA DEL CONGRESO |
| Número de clasificación |
Q375 |
| Número de documento/Ítem |
T35314 .2011 |
| 100 ## - ENTRADA PRINCIPAL--NOMBRE DE PERSONA |
| Nombre de persona |
Taleb, Nassim Nicholas |
| Fechas asociadas al nombre |
1960- |
| 9 (RLIN) |
3448 |
| Término indicativo de función/relación |
author |
| 240 ## - TÍTULO UNIFORME |
| Título uniforme |
Black swan. |
| Lenguaje de la obra |
French. |
| 245 #0 - MENCIÓN DE TÍTULO |
| Título |
Le cigne noir |
| Resto del título |
: la puissance de l'imprévisible |
| Mención de responsabilidad, etc. |
/ Nassim Nicholas Taleb ; translated by Christine Rimoldy. |
| 260 ## - PUBLICACIÓN, DISTRIBUCIÓN, ETC. |
| Lugar de publicación, distribución, etc. |
Paris : |
| Nombre del editor, distribuidor, etc. |
Les Belles Lettres, |
| Fecha de publicación, distribución, etc. |
2008 |
| 300 ## - DESCRIPCIÓN FÍSICA |
| Extensión |
496 pages ; 24 cm |
| 520 ## - SUMARIO, ETC. |
| Sumario, etc. |
Quel est le point commun entre l''invention de la roue, Pompéi, le krach boursier de 1987, Harry Potter et Internet ? Pourquoi ne devrait-on jamais lire un journal ni courir pour attraper un train ? Que peuvent nous apprendre les amants de Catherine de Russie sur les probabilités ? Pourquoi les prévisionnistes sont-ils pratiquement tous des arnaqueurs ? Ce livre révèle tout des Cygnes Noirs, ces événements aléatoires, hautement improbables, qui jalonnent notre vie : ils ont un impact énorme, sont presque impossibles à prévoir, et pourtant, a posteriori, nous essayons toujours de leur trouver une explication rationnelle. Dans cet ouvrage éclairant, plein d’esprit et d’impertinence, Taleb nous exhorte à ne pas tenir compte des propos des « experts », et nous montre comment cesser de tout prévoir ou comment tirer parti de l’incertitude. |
| 520 ## - SUMARIO, ETC. |
| Sumario, etc. |
What do the invention of the wheel, Pompeii, the 1987 stock market crash, Harry Potter, and the Internet have in common? Why should we never read a newspaper or run to catch a train? What can Catherine the Great’s lovers teach us about probability? Why are most forecasters practically frauds?<br/><br/>This book reveals everything about Black Swans—those random, highly improbable events that punctuate our lives: they have enormous impact, are nearly impossible to predict, and yet afterward we always try to give them a rational explanation.<br/><br/>In this sharp, witty, and unapologetically bold work, Taleb urges us to ignore so-called “experts” and shows us how to stop trying to predict everything—or even better, how to benefit from uncertainty. |
| 650 #0 - PUNTO DE ACCESO ADICIONAL DE MATERIA--TÉRMINO DE MATERIA |
| Término de materia o nombre geográfico como elemento de entrada |
Forecasting |
| 9 (RLIN) |
1665 |
| 650 #0 - PUNTO DE ACCESO ADICIONAL DE MATERIA--TÉRMINO DE MATERIA |
| Término de materia o nombre geográfico como elemento de entrada |
Uncertainty (Information theory) |
| Subdivisión general |
Social aspects |
| 9 (RLIN) |
3446 |
| 700 ## - ENTRADA AGREGADA--NOMBRE PERSONAL |
| Nombre de persona |
Rimoldy, Christine |
| Término indicativo de función/relación |
translator |
| 9 (RLIN) |
26522 |
| 942 ## - ELEMENTOS DE ENTRADA AGREGADA (KOHA) |
| Fuente del sistema de clasificación o colocación |
Clasificación de Library of Congress |